"Does it have to be this way?" - last chance for construction (Record no. 66693)

MARC details
000 -LEADER
fixed length control field 01305cam a2200241 4500
001 - CONTROL NUMBER
control field ABS63649
008 - FIXED-LENGTH DATA ELEMENTS--GENERAL INFORMATION
fixed length control field 000000n2001 000 0 eng u
035 ## - SYSTEM CONTROL NUMBER
System control number (Sirsi) u111909
100 ## - MAIN ENTRY--PERSONAL NAME
Personal name Fidderman, H.
245 ## - TITLE STATEMENT
Title "Does it have to be this way?" - last chance for construction
260 ## - PUBLICATION, DISTRIBUTION, ETC.
Date of publication, distribution, etc. 2001
490 ## - SERIES STATEMENT
Series statement Health and Safety Bulletin
Volume/sequential designation (297) April 2001, 9-17(9)
520 ## - SUMMARY, ETC.
Summary, etc. Provides details of the disturbing figures for deaths on construction sites between April and December 2000. On 27 February 2001 a construction industry health and safety summit, called by Deputy Prime Minister John Prescott, was held at the Queen Elizabeth II Conference Centre in London to address this worrying trend. Describes the ten new action plans drawn up by major umbrella groups involved in construction work, and launched at this summit. Suggests that these initiatives may be the construction industry's last chance to put its house in order, in terms of health and safety. If it fails to do so, government is likely to act by introducing new legislation. Tables.
590 ## - LOCAL NOTE (RLIN)
Local note ABS
650 ## - SUBJECT ADDED ENTRY--TOPICAL TERM
Topical term or geographic name entry element DEATHS
650 ## - SUBJECT ADDED ENTRY--TOPICAL TERM
Topical term or geographic name entry element FATAL ACCIDENTS
650 ## - SUBJECT ADDED ENTRY--TOPICAL TERM
Topical term or geographic name entry element STATISTICS
650 ## - SUBJECT ADDED ENTRY--TOPICAL TERM
Topical term or geographic name entry element HSE
650 ## - SUBJECT ADDED ENTRY--TOPICAL TERM
Topical term or geographic name entry element TARGETS
650 ## - SUBJECT ADDED ENTRY--TOPICAL TERM
Topical term or geographic name entry element ACTION PLAN
690 ## - LOCAL SUBJECT ADDED ENTRY--TOPICAL TERM (OCLC, RLIN)
Topical term or geographic name as entry element BUILT ENVIRONMENT-BUILDING STANDARDS
942 ## - ADDED ENTRY ELEMENTS (KOHA)
Suppress in OPAC 0
Holdings
Withdrawn status Lost status Source of classification or shelving scheme Damaged status Not for loan Home library Current library Shelving location Date acquired Total Checkouts Full call number Barcode Date last seen Copy number Price effective from Koha item type
    Dewey Decimal Classification     London London Journal article 05/04/2001   ABS63649 111909-1001 06/08/2019 1 06/08/2019 Journal article